Design of the Information System for Monitoring the Quality of the University

Tento článok ďalej rozoberá požiadavky na hodnotenie vnútorného systému kvality na Paneurópskej vysokej škole (PEU), ktoré sú definované internými smernicami PEVŠ na základe podmienok popísaných v zákone č. 269/2018 zabezpečujúci kvalitu vysokoškolského vzdelávania a ktorým sa mení a dopĺňa zákon č....

Ausführliche Beschreibung

Gespeichert in:
Bibliographische Detailangaben
1. Verfasser: Drobný, Michal
Format: Buchkapitel
Sprache:Englisch
Schlagworte:
Tags: Tag hinzufügen
Keine Tags, Fügen Sie das erste Tag hinzu!

MARC

LEADER 00000naa a2200000 4500
001 0308098
005 20250410131225.7
041 0 |a eng 
044 |a SK 
245 1 0 |a Design of the Information System for Monitoring the Quality of the University  |c Michal Drobný 
520 |a Tento článok ďalej rozoberá požiadavky na hodnotenie vnútorného systému kvality na Paneurópskej vysokej škole (PEU), ktoré sú definované internými smernicami PEVŠ na základe podmienok popísaných v zákone č. 269/2018 zabezpečujúci kvalitu vysokoškolského vzdelávania a ktorým sa mení a dopĺňa zákon č. 343/2015 Z.z. o verejnom obstarávaní a o zmene a doplnení niektorých zákonov v znení neskorších predpisov a na základe tejto analýzy navrhnúť a implementovať informačný systém, ktorý bude slúžiť na riadenie vnútorného systému kvality na PEÚ. V nasledujúcich kapitolách je popísaný celý proces tvorby tohto informačného systému od analýzy, cez implementáciu a testovanie až po nasadenie do výroby a používania na PEÚ, ako aj to, ako by mal byť riadený budúci vývoj systému. 
610 2 0 |a hodnosti vedecko-pedagogické 
610 2 0 |a hodnotenie 
610 2 0 |a univerzity 
610 2 0 |a kvalita 
610 2 0 |a systémy informačné 
100 1 |a Drobný, Michal